The first microCAD ratings guide /

Bibliographic Details
Main Author: Munn, Alan
Corporate Author: SIRICON (Organization)
Format: Book
Language:English
Published: Cambridge, MA : Design & Systems Research, [1987]
Series:MicroCAD Institute book series.
Subjects:

MARC

Tag First Indicator Second Indicator Subfields
LEADER 00000cam a22000008a 4500
001 in00000007726
005 20151002060024.0
008 870311s1987 maua 00010 eng
010 |a  87006840  
020 |a 0934605017 
035 |a (OCoLC)15428388 
035 |9 AAA0054AM 
040 |a DLC  |c DLC  |d m/c  |d TXA  |d UtOrBLW 
050 0 0 |a TA174  |b .M86 1987 
100 1 |a Munn, Alan. 
245 1 4 |a The first microCAD ratings guide /  |c by SIRICON ; foreword by Daniel S. Raker. 
264 1 |a Cambridge, MA :  |b Design & Systems Research,  |c [1987] 
264 4 |c [©1987] 
300 |a 182 pages :  |b illustrations 
336 |a text  |b txt  |2 rdacontent 
337 |a unmediated  |b n  |2 rdamedia 
338 |a volume  |b nc  |2 rdacarrier 
490 1 |a Microcad Institute book series 
650 0 |a Computer-aided design  |x Computer programs  |x Evaluation. 
650 0 |a Microcomputers  |x Programming. 
710 2 |a SIRICON (Organization) 
740 0 |a 1st microCAD ratings guide. 
740 0 |a First micro CAD ratings guide. 
830 0 |a MicroCAD Institute book series. 
999 |a MARS 
999 f f |s e2a904ee-41c1-351e-9582-7e8fd2a56b98  |i a7c8822d-fc86-3b3d-ab8c-49db84240d48  |t 0 
952 f f |p ric  |a Texas A&M University  |b Rellis Campus  |c Joint Library Facility  |d Remote Storage  |t 0  |e TA174 .M86 1987  |h Library of Congress classification  |i unmediated -- volume  |m A14812579062 
998 f f |a TA174 .M86 1987  |t 0  |l Remote Storage